| 000 | 00808cam a22002893a 4500 | ||
|---|---|---|---|
| 001 | 24912 | ||
| 003 | PGUSA | ||
| 005 | 20140828083533.0 | ||
| 008 | 080324s2008||||xxu|||||s|||||000 | eng d | ||
| 040 |
_aPGUSA _beng |
||
| 042 | _adc | ||
| 050 | 4 | _aGV | |
| 050 | 4 | _aLB | |
| 100 | 1 |
_aPoulsson, Emilie, _d1853-1939 |
|
| 245 | 1 | 0 |
_aFinger plays for nursery and kindergarten _h[electronic resource] / _cEmilie Poulsson |
| 260 |
_bProject Gutenberg, _c2008 |
||
| 506 | _aPublic domain in the USA. | ||
| 516 | _aElectronic text | ||
| 653 | _aGames | ||
| 653 | _aChildren's songs | ||
| 653 | _aGames with music | ||
| 653 | _aFinger play | ||
| 700 | 1 |
_aBridgman, L. J. _q(Lewis Jesse), _d1857-1931 |
|
| 830 | 0 |
_aProject Gutenberg _v24912 |
|
| 856 | 4 | 0 | _uhttp://www.gutenberg.org/ebooks/24912 |
| 942 | _cEB | ||
| 999 |
_c254167 _d254167 |
||